LEADER 01059nam0-22003131i-450- 001 990004523810403321 005 20140627123622.0 035 $a000452381 035 $aFED01000452381 035 $a(Aleph)000452381FED01 035 $a000452381 100 $a19990604f1928----km-y0itay50------ba 101 0 $aita 105 $ay-------001yy 200 1 $a<>primo anno del ministero Vallesa$e(1814-1815)$esaggio di politica sarda, interna ed estera, nel primo anno della restaurazione$fArturo Segre 210 $aTorino$cF.lli Bocca$d1928 215 $a411 p.$d23 cm 225 1 $aBiblioteca di Storia Italiana recente$e1800-1870$v10 606 0 $aVallesa Alessandro - Attivitą politica 610 0 $aSARDEGNA - Storia - 1814-1815 676 $a320.10973 700 1$aSegre,$bArturo$f<1873-1928>$0135118 801 0$aIT$bUNINA$gRICA$2UNIMARC 901 $aBK 912 $a990004523810403321 952 $a320.1 SEG 1$bBibl. 14654$fFLFBC 959 $aFLFBC 996 $aPrimo anno del ministero Vallesa$9548223 997 $aUNINA LEADER 01474nam2-2200445---4500 001 990000529190203316 005 20141212091853.0 035 $a0052919 035 $aUSA010052919 035 $a(ALEPH)000052919USA01 035 $a0052919 100 $a20010628h1968----km-y0ENGy0103----ba 101 $aita 102 $aIT 200 1 $aCritici dell'etą romantica$fa cura di Carmelo Cappuccio 205 $a2 ed. rifatta 210 $aTorino$cUnione tipografica editrice torinese$d1968 215 $a1123 p.$c[6] carte di tav.$cill.$d24 cm 225 2 $aClassici italiani$v88 410 $1001000343451$12001$aClassici italiani$v, 88 606 $aCritica letteraria italiana$zSec. 19.$xBNCF 676 $a801.950945 702 1$aCAPPUCCIO,$bCarmelo 801 0$aIT$bsalbc$gISBD 912 $a990000529190203316 951 $aVI.3. Coll.15/ 77a(V A COLL. 125/101)$b105856 LM$cV A COLL. 951 $aVI.3. Coll.15/ 77(V A 8 73)$bL.M.$cV A 951 $aXV.9. Coll. 20/ 88$b860 MAR$cXV.9. Coll.$d365167 959 $aBK 969 $aUMA 969 $aMAR 979 $aPATTY$b90$c20010628$lUSA01$h1112 979 $c20020403$lUSA01$h1702 979 $aPATRY$b90$c20040406$lUSA01$h1637 979 $aCOPAT1$b90$c20060118$lUSA01$h1427 979 $aCOPAT2$b90$c20060227$lUSA01$h1321 979 $aIANNONE$b90$c20141212$lUSA01$h0915 979 $aIANNONE$b90$c20141212$lUSA01$h0918 996 $aCritici dell'etą romantica$9136559 997 $aUNISA LEADER 01365cam2-2200433---450- 001 990003019300203316 005 20110121100552.0 010 $a2-7061-1342-1 035 $a000301930 035 $aUSA01000301930 035 $a(ALEPH)000301930USA01 035 $a000301930 100 $a20071122d2006----km-y0itay50------ba 101 $afre 102 $aFR 105 $a||||||||001yy 200 1 $a<<2>> : <> principaux acteurs et leur encadrement juridique$fJosiane Tercinet 210 $aGrenoble$cPresses universitaires de Grenoble$d2006 215 $a232 p.$d21 cm 225 2 $a<> Droit en plus 410 0$12001$a<> Droit en plus 454 1$12001 461 1$1001000301927$12001 606 0 $aRelazioni internazionali 676 $a327 700 1$aTERCINET,$bJosiane$0599380 801 0$aIT$bsalbc$gISBD 912 $a990003019300203316 951 $a327 TER 1 2$b56804 G.$c327 TER 1/$d00065258 959 $aBK 969 $aECO 979 $aIANNONE$b90$c20071122$lUSA01$h0949 979 $aIANNONE$b90$c20071122$lUSA01$h0952 979 $aRSIAV2$b90$c20091109$lUSA01$h1133 979 $aFIORELLA$b90$c20110121$lUSA01$h0920 979 $aFIORELLA$b90$c20110121$lUSA01$h0921 979 $aFIORELLA$b90$c20110121$lUSA01$h1005 996 $aPrincipaux acteurs et leur encadrement juridique$91025030 997 $aUNISA